01903nam a22003617a 4500003000900000005001700009007000300026008003600029040003000065082002800095111012000123245014200243264004300385300003000428336002700458337003500485338003000520490001600550505043100566590002600997611005701023650007301080650005001153651000901203700003601212700003301248740004301281830001501324910004201339942001201381952013101393999001701524DO-SdBPM20250709132420.0ta161031b 2002 sp 00| 0 spa d aDO-SdBPMbspacBPMSUerda 4a337.18bC969i 20022222 aCumbre Iberoamericana de Jefes de Estado y de Gobiernon(XII :d 2002 : 15-16 noviembre )cRepública Dominicana 00aIberoamérica ante la crisis global = Iberoamérica diante da crise global /cprólogo Hipólito Mejía ; edición Alicia Fraerman  aMadrid : bEditorial Comunica, c2002. a261 páginas : c31 cm.  atextobtxt2rdacontent asin mediación bn2rdamedia  avolumen bnc2rdacarrier 0 aDocumentos  aIberoamérica: realidades y desafíos de la alianza Interaltántica. -- La gobernanza de la globalización. -- Los desafíos de la democracia Iberoamericana. -- Comercio, cooperación y desarrollo sostenible. -- La construcción de la comunidad Iberoamericana. -- Antecedentes y reuniones preparatorias. -- Programa de cooperación de la conferencia Iberoamericana. -- Declaraciones finales de las cumbres precedentes. aInventariado, 2025/VM20aCumbre Iberoamericana de Jefes de Estado y Gobierno. 7a Jefes de EstadozAmérica LatinavCongresos, conferencias, etc.x  7aCooperación internacionalzAmérica Latina 7a x 1 aMejía, Hipólitoeprólogo 1 aFraerman, Aliciaeedición 02aIberoamérica diante da crise global. 0aDocumentos aVMateo V. Control de calidad. BPMSUb  2ddccBK 00102ddc708CGaBPMETbBPMETd2017-11-27e FUNDIl0oBPMSU CD 337.18 C969i 2002pBPMSU17110471r2017-11-27w2017-11-27yBK c13143d13143